000 01282cam a22003854a 4500
001 15966889
003 OSt
005 20140310182500.0
008 091028s2010 nyua b 001 0 eng
010 _a 2009045956
020 _a9780071741446 (pbk. : alk. paper)
020 _a0071741445 (pbk. : alk. paper)
035 _a(OCoLC)ocn465680742
040 _aDNLM/DLC
_cDLC
_dYDXCP
_dC#P
_dCDX
_dDLC
042 _apcc
050 0 0 _aRC 648
_b.H27 2010
060 1 0 _aWK 140
_bH323 2010
245 0 0 _aHarrison's endocrinology /
_ceditor, J. Larry Jameson.
246 3 0 _aEndocrinology
250 _a2nd ed.
260 _aNew York :
_bMcGraw-Hill Medical,
_cc2010.
300 _a549 p. :
_bcol. ill. ;
_c28 cm.
500 _aIncludes bibliographical references and index.
650 0 _aEndocrinology.
_98488
650 0 _aEndocrine glands
_xDiseases.
_98602
650 0 _aMetabolism
_xDisorders.
_98603
650 2 _aEndocrine System Diseases.
_98604
650 2 _aMetabolic Diseases.
_98605
700 1 _aJameson, J. Larry.
_98606
730 0 _aHarrison's principles of internal medicine.
_98607
906 _a7
_bcbc
_corignew
_d1
_eecip
_f20
_gy-gencatlg
942 _2lcc
_cSSLC
999 _c13793
_d13793